[Event "Bayern-ch Seniors 25th"]
[Site "Bergen"]
[Date "2013.06.18"]
[Round "4.6"]
[White "Eichinger, Guenther"]
[Black "Hein, Manfred"]
[Result "1/2-1/2"]
[WhiteElo "1805"]
[BlackElo "1942"]
[PlyCount "35"]
[EventDate "2013.06.15"]
[EventType "swiss"]
[EventRounds "9"]
[EventCountry "GER"]
[SourceTitle "EXT 2022"]
[Source "ChessBase"]
[SourceDate "2021.10.06"]
[SourceVersion "1"]
[SourceVersionDate "2021.10.06"]
[SourceQuality "1"]

1. e4 Nf6 2. e5 Nd5 3. Bc4 Nb6 4. Bb3 e6 5. Nf3 d6 6. 0-0 dxe5 7. Nxe5 N8d7 8. d4 Nxe5 9. dxe5 Qxd1 10. Rxd1 c5 11. c4 Bd7 12. Nc3 Bc6 13. Be3 Be7 14. Rac1 0-0 15. Nb5 Nd7 16. f4 a6 17. Nc3 Rfd8 18. Ba4 1/2-1/2

[Event "Bayern-ch Seniors 25th"]
[Site "Bergen"]
[Date "2013.06.16"]
[Round "2.25"]
[White "Eichinger, Guenther"]
[Black "Friedrich, Horst"]
[Result "1-0"]
[WhiteElo "1805"]
[BlackElo "1569"]
[PlyCount "31"]
[EventDate "2013.06.15"]
[EventType "swiss"]
[EventRounds "9"]
[EventCountry "GER"]
[SourceTitle "EXT 2022"]
[Source "ChessBase"]
[SourceDate "2021.10.06"]
[SourceVersion "1"]
[SourceVersionDate "2021.10.06"]
[SourceQuality "1"]

1. e4 e5 2. Nf3 Nc6 3. d4 exd4 4. Bc4 h6 5. 0-0 d6 6. Nxd4 Nxd4 7. Qxd4 Qf6 8. Qd3 Be6 9. Nc3 0-0-0 10. Be3 a6 11. Bxa6 bxa6 12. Qxa6+ Kd7 13. Qb5+ Kc8 14. f4 Bg4 15. Nd5 Qe6 16. Qc6 1-0

[Event "Bayern-ch Seniors 24nd"]
[Site "Bergen"]
[Date "2012.06.23"]
[Round "8"]
[White "Harke, Horst"]
[Black "Eichinger, Guenther"]
[Result "0-1"]
[WhiteElo "1673"]
[BlackElo "1853"]
[PlyCount "90"]
[EventDate "2012.06.16"]
[EventType "swiss"]
[EventRounds "9"]
[EventCountry "GER"]
[SourceTitle "EXT 2015"]
[Source "ChessBase"]
[SourceDate "2014.11.20"]
[SourceVersion "1"]
[SourceVersionDate "2014.11.20"]
[SourceQuality "1"]

1. d4 Nf6 2. c4 Nc6 3. e3 e5 4. d5 Ne7 5. Nc3 Ng6 6. Be2 Bb4 7. a3 Bxc3+ 8. bxc3 d6 9. g3 Ne4 10. Bd2 0-0 11. f3 Nc5 12. e4 f5 13. Be3 Na6 14. Bd3 f4 15. Bf2 b6 16. Qd2 Bd7 17. g4 Nc5 18. Rb1 Nh4 19. Bxc5 bxc5 20. h3 Rb8 21. Rxb8 Qxb8 22. Kf2 Qb3 23. Ne2 Qxa3 24. Rb1 Ba4 25. Qb2 Qxb2 26. Rxb2 Ra8 27. Nc1 a5 28. Ra2 Bd7 29. Bc2 a4 30. Ra3 Kf7 31. Nd3 Kf6 32. Nb2 Rb8 33. Nd3 Kg5 34. Bxa4 Ra8 35. Nb2 Ng6 36. Ra2 Kh4 37. Kg2 Nh8 38. Bb3 Rxa2 39. Bxa2 Nf7 40. Nd1 Ba4 41. Nf2 Bc2 42. Kh2 Ng5 43. Kg2 h6 44. Kh2 Nxf3+ 45. Kg2 Ng5 0-1

[Event "Bayern-ch Seniors 23rd"]
[Site "Bergen"]
[Date "2011.06.01"]
[Round "5"]
[White "Eichinger, Guenther"]
[Black "Fischer, Gerd"]
[Result "0-1"]
[WhiteElo "1818"]
[BlackElo "2039"]
[PlyCount "122"]
[EventDate "2011.05.28"]
[EventType "swiss"]
[EventRounds "9"]
[EventCountry "GER"]
[SourceTitle "EXT 2012"]
[Source "ChessBase"]
[SourceDate "2011.11.24"]
[SourceVersion "1"]
[SourceVersionDate "2011.11.24"]
[SourceQuality "1"]

1. e4 Nc6 2. Nf3 e5 3. d4 exd4 4. Bc4 d6 5. Nxd4 Ne5 6. Bb3 Qh4 7. 0-0 Bd7 8. f4 Nc6 9. Nf3 Qe7 10. Nc3 0-0-0 11. Ng5 Nh6 12. Nd5 Qe8 13. Qd3 f6 14. Nf3 f5 15. e5 dxe5 16. fxe5 Bc5+ 17. Kh1 Ng4 18. Bg5 Ncxe5 19. Nxe5 Qxe5 20. Bf4 Qxb2 21. Rad1 Ne5 22. Qg3 Bd6 23. Qxg7 Nd3 24. Qxb2 Nxb2 25. Rb1 Na4 26. Bxd6 cxd6 27. Ne7+ Kc7 28. Nxf5 Nc5 29. Rbd1 Rhf8 30. Ne3 Ne4 31. Kg1 Bc6 32. Nd5+ Kd7 33. Nf4 Rde8 34. g3 Ng5 35. h4 Nf3+ 36. Kf2 Nxh4 37. Bd5 Ng6 38. Rh1 Bxd5 39. Rxd5 Nxf4 40. gxf4 Rxf4+ 41. Kg3 Rf7 42. Rh6 Re6 43. Rdh5 Rxh6 44. Rxh6 b5 45. a3 Kc6 46. Rh5 Kb6 47. Rd5 Kc6 48. Rd4 Kc5 49. c3 a5 50. Rg4 d5 51. Rh4 Rb7 52. Kf3 Re7 53. Kf2 Re4 54. Rxh7 Ra4 55. Rc7+ Kb6 56. Rc8 Rxa3 57. Ke2 Ra4 58. Kd2 d4 59. Rh8 dxc3+ 60. Kxc3 Rc4+ 61. Kb3 Rc6 0-1

[Event "Bayern-ch Seniors 22nd"]
[Site "Bergen"]
[Date "2010.06.19"]
[Round "8"]
[White "Eichinger, Guenther"]
[Black "Levin, Benjamin"]
[Result "1-0"]
[WhiteElo "1868"]
[BlackElo "1579"]
[PlyCount "51"]
[EventDate "2010.06.12"]
[EventType "swiss"]
[EventRounds "9"]
[EventCountry "GER"]
[SourceTitle "EXT 2011"]
[Source "ChessBase"]
[SourceDate "2010.11.26"]
[SourceVersion "1"]
[SourceVersionDate "2010.11.26"]
[SourceQuality "1"]

1. e4 c5 2. Nf3 Nc6 3. Bb5 Qc7 4. d4 a6 5. Bxc6 Qxc6 6. Nc3 d6 7. h3 b5 8. 0-0 b4 9. d5 Qd7 10. Ne2 Nf6 11. Ng3 e6 12. Re1 Be7 13. Bg5 0-0 14. Qd2 Bb7 15. Rad1 exd5 16. Bxf6 Bxf6 17. e5 dxe5 18. Nxe5 Qc7 19. Ng4 Bxb2 20. Qg5 f6 21. Qh5 Qf4 22. Re7 f5 23. Ne3 Bc8 24. Nxd5 Qh6 25. Qe2 Bd4 26. Nh5 1-0

[Event "Bayern-ch Seniors 22nd"]
[Site "Bergen"]
[Date "2010.06.16"]
[Round "5"]
[White "Wolfram, Gisbert"]
[Black "Eichinger, Guenther"]
[Result "0-1"]
[WhiteElo "1602"]
[BlackElo "1868"]
[PlyCount "72"]
[EventDate "2010.06.12"]
[EventType "swiss"]
[EventRounds "9"]
[EventCountry "GER"]
[SourceTitle "EXT 2011"]
[Source "ChessBase"]
[SourceDate "2010.11.26"]
[SourceVersion "1"]
[SourceVersionDate "2010.11.26"]
[SourceQuality "1"]

1. Nf3 Nf6 2. g3 g6 3. Bg2 Bg7 4. 0-0 0-0 5. d3 d6 6. d4 c5 7. c4 Qb6 8. e3 Nc6 9. d5 Nb4 10. a3 Na6 11. Nc3 Bf5 12. Re1 Ne4 13. Nxe4 Bxe4 14. Nh4 Bxg2 15. Nxg2 Nc7 16. Rb1 Qa6 17. Qc2 b5 18. b3 Rab8 19. Bd2 bxc4 20. bxc4 Qxa3 21. Rxb8 Rxb8 22. Rb1 Rb6 23. Rxb6 axb6 24. Nf4 b5 25. cxb5 Nxb5 26. h4 Nc7 27. e4 Nb5 28. Ne2 Qf3 29. Be3 Be5 30. Qc4 Nc7 31. Qc2 Ne8 32. Qa4 Kg7 33. Qxe8 Qxe2 34. Qxe7 Bxg3 35. Qg5 Be5 36. Bxc5 Qxe4 0-1

[Event "Bayern-ch Seniors 21st"]
[Site "Bergen"]
[Date "2009.06.28"]
[Round "9"]
[White "Schmidt, Gerhard3333"]
[Black "Eichinger, Guenther"]
[Result "1/2-1/2"]
[WhiteElo "2154"]
[BlackElo "1953"]
[PlyCount "36"]
[EventDate "2009.06.20"]
[EventType "swiss"]
[EventRounds "9"]
[EventCountry "GER"]
[SourceTitle "EXT 2015"]
[Source "ChessBase"]
[SourceDate "2014.11.20"]
[SourceVersion "1"]
[SourceVersionDate "2014.11.20"]
[SourceQuality "1"]

1. d4 Nf6 2. c4 Nc6 3. Nf3 e6 4. Nc3 Bb4 5. e3 0-0 6. Bd3 Bxc3+ 7. bxc3 d6 8. 0-0 e5 9. Nd2 Re8 10. Qc2 h6 11. d5 Nb8 12. f4 Na6 13. fxe5 Rxe5 14. Nf3 Re8 15. e4 Nc5 16. Re1 Ng4 17. Bf4 f6 18. Nd4 Re7 1/2-1/2

[Event "Bayern-ch Seniors 21st"]
[Site "Bergen"]
[Date "2009.06.22"]
[Round "3"]
[White "Wolf, Reinhard"]
[Black "Eichinger, Guenther"]
[Result "1/2-1/2"]
[WhiteElo "1826"]
[BlackElo "1953"]
[PlyCount "62"]
[EventDate "2009.06.20"]
[EventType "swiss"]
[EventRounds "9"]
[EventCountry "GER"]
[SourceTitle "EXT 2015"]
[Source "ChessBase"]
[SourceDate "2014.11.20"]
[SourceVersion "1"]
[SourceVersionDate "2014.11.20"]
[SourceQuality "1"]

1. e4 c5 2. c3 d5 3. exd5 Qxd5 4. c4 Qc6 5. Nc3 Nf6 6. d4 cxd4 7. Qxd4 Bg4 8. f3 Bf5 9. Bd3 Bxd3 10. Qxd3 Na6 11. b3 Nb4 12. Qb1 Rd8 13. Nge2 Nd3+ 14. Kf1 Qc5 15. Nd1 e5 16. Be3 Qc6 17. Nf2 Nxf2 18. Kxf2 Bc5 19. Ng3 0-0 20. Rd1 e4 21. Nxe4 Bxe3+ 22. Kxe3 Nxe4 23. fxe4 Qh6+ 24. Kf3 Qxh2 25. Rd5 Rxd5 26. exd5 Qh5+ 27. Kf2 Qh4+ 28. Kg1 Qd4+ 29. Kf1 Qf4+ 30. Kg1 Qe3+ 31. Kf1 Qf4+ 1/2-1/2

[Event "Bayern-ch Seniors 20th"]
[Site "Bergen"]
[Date "2008.06.12"]
[Round "6.8"]
[White "Villing, Dieter"]
[Black "Eichinger, Guenther"]
[Result "1/2-1/2"]
[WhiteElo "2010"]
[BlackElo "1948"]
[PlyCount "93"]
[EventDate "2008.06.07"]
[EventType "swiss"]
[EventRounds "9"]
[EventCountry "GER"]
[SourceTitle "EXT 2022"]
[Source "ChessBase"]
[SourceDate "2021.10.06"]
[SourceVersion "1"]
[SourceVersionDate "2021.10.06"]
[SourceQuality "1"]

1. e4 c5 2. Nf3 d6 3. Bb5+ Bd7 4. Bxd7+ Qxd7 5. 0-0 Nc6 6. c3 g6 7. d4 Bg7 8. Be3 Nf6 9. d5 Nb8 10. Nbd2 0-0 11. h3 b6 12. a4 Na6 13. Qe2 Nc7 14. Rfd1 Rad8 15. a5 b5 16. a6 e6 17. dxe6 fxe6 18. e5 Nfd5 19. exd6 Qxd6 20. Ne4 Qc6 21. Bxc5 Nf4 22. Qc2 Rxd1+ 23. Rxd1 Nxh3+ 24. gxh3 Rxf3 25. Rd6 Qa8 26. Ng5 Rf5 27. Qd2 Bf6 28. Be3 Rd5 29. Rxd5 exd5 30. Bd4 Qd8 31. f4 Qd6 32. Qe3 Qxa6 33. Bxf6 Qxf6 34. Qxa7 Qe7 35. Qb8+ Ne8 36. Qxb5 Qe1+ 37. Kg2 Nf6 38. Nf3 Qe4 39. Qb8+ Kg7 40. Qa7+ Kh6 41. Qd4 Qc2+ 42. Qd2 Qf5 43. Ne5 Kg7 44. Qd4 Qc2+ 45. Qf2 Qe4+ 46. Qf3 Qc2+ 47. Qf2 1/2-1/2

[Event "Bayern-ch Seniors 20th"]
[Site "Bergen"]
[Date "2008.06.09"]
[Round "3.3"]
[White "Eichinger, Guenther"]
[Black "Escher, Helmut"]
[Result "1/2-1/2"]
[WhiteElo "1948"]
[BlackElo "2038"]
[PlyCount "35"]
[EventDate "2008.06.07"]
[EventType "swiss"]
[EventRounds "9"]
[EventCountry "GER"]
[SourceTitle "EXT 2022"]
[Source "ChessBase"]
[SourceDate "2021.10.06"]
[SourceVersion "1"]
[SourceVersionDate "2021.10.06"]
[SourceQuality "1"]

1. e4 d5 2. exd5 Qxd5 3. Nf3 Bg4 4. Be2 Bxf3 5. Bxf3 Qe6+ 6. Qe2 Qxe2+ 7. Kxe2 c6 8. d4 e6 9. Re1 Nf6 10. Kf1 Bd6 11. Bg5 Nbd7 12. Nd2 h6 13. Bxf6 Nxf6 14. Nc4 Bc7 15. Rad1 0-0 16. c3 Rfd8 17. g3 Kf8 18. Ne3 1/2-1/2

[Event "Chiemgau Seniors Cup 3th"]
[Site "Bergen"]
[Date "2007.10.29"]
[Round "8"]
[White "Villing, Dieter"]
[Black "Eichinger, Guenther"]
[Result "1-0"]
[WhiteElo "2121"]
[BlackElo "1910"]
[PlyCount "23"]
[EventDate "2007.10.22"]
[EventType "swiss"]
[EventRounds "9"]
[EventCountry "GER"]
[SourceTitle "EXT 2008"]
[Source "ChessBase"]
[SourceDate "2007.11.25"]
[SourceVersion "1"]
[SourceVersionDate "2007.11.25"]
[SourceQuality "1"]

1. e4 c5 2. Nf3 d6 3. Bb5+ Bd7 4. Bxd7+ Qxd7 5. 0-0 Nc6 6. c3 Nf6 7. d4 Nxe4 8. d5 Ne5 9. Re1 Nxf3+ 10. Qxf3 Nf6 11. Na3 g6 12. Qxf6 1-0

[Event "Chiemgau Seniors Cup 3th"]
[Site "Bergen"]
[Date "2007.10.27"]
[Round "6"]
[White "Zehfuss, Helmut"]
[Black "Eichinger, Guenther"]
[Result "0-1"]
[WhiteElo "1831"]
[BlackElo "1910"]
[PlyCount "126"]
[EventDate "2007.10.22"]
[EventType "swiss"]
[EventRounds "9"]
[EventCountry "GER"]
[SourceTitle "EXT 2008"]
[Source "ChessBase"]
[SourceDate "2007.11.25"]
[SourceVersion "1"]
[SourceVersionDate "2007.11.25"]
[SourceQuality "1"]

1. e4 c5 2. Nf3 d6 3. d4 cxd4 4. Nxd4 a6 5. c4 Nf6 6. Nc3 e6 7. Be2 Nbd7 8. 0-0 Be7 9. Be3 0-0 10. f4 Qc7 11. Qd2 b6 12. Rac1 Bb7 13. Bf3 Rac8 14. Kh1 Rfe8 15. b3 Nc5 16. Qc2 Bf8 17. Rfe1 e5 18. fxe5 dxe5 19. Nf5 g6 20. Ng3 Ne6 21. Nge2 Bb4 22. Red1 Ba3 23. Ra1 Bc5 24. Qc1 Bxe3 25. Qxe3 Qc5 26. Qxc5 Nxc5 27. Ng3 Rcd8 28. Rxd8 Rxd8 29. Nd5 Kg7 30. Kg1 Rd6 31. Kf2 b5 32. Rb1 h5 33. Ke3 Nxd5+ 34. cxd5 h4 35. Ne2 f5 36. Rd1 Kf6 37. b4 Na4 38. Rd2 Nb6 39. Rc2 Nc4+ 40. Kf2 fxe4 41. Bxe4 Bxd5 42. Nc3 Be6 43. Bb7 Bf5 44. Ne4+ Bxe4 45. Bxe4 g5 46. Ke2 g4 47. Bd3 Rd4 48. a4 Ke6 49. Bh7 Kd6 50. Bg6 bxa4 51. Bf7 Re4+ 52. Kd3 Rd4+ 53. Kc3 Na3 54. Ra2 Nb5+ 55. Kc2 Rf4 56. Bg8 Rf2+ 57. Kd3 Rxa2 58. Bxa2 Nd4 59. Kc4 Nb3 60. Kc3 Kd5 61. Kd3 e4+ 62. Ke3 Ke5 63. Bb1 a3 0-1

[Event "Chiemgau Seniors Cup 3th"]
[Site "Bergen"]
[Date "2007.10.24"]
[Round "3"]
[White "Eichinger, Guenther"]
[Black "Mittelstaedt, Ewald"]
[Result "1-0"]
[WhiteElo "1910"]
[BlackElo "1539"]
[PlyCount "99"]
[EventDate "2007.10.22"]
[EventType "swiss"]
[EventRounds "9"]
[EventCountry "GER"]
[SourceTitle "EXT 2008"]
[Source "ChessBase"]
[SourceDate "2007.11.25"]
[SourceVersion "1"]
[SourceVersionDate "2007.11.25"]
[SourceQuality "1"]

1. e4 c5 2. Nf3 Nc6 3. d4 cxd4 4. Nxd4 e5 5. Nf5 d6 6. Ne3 Nf6 7. Nc3 Be6 8. Bc4 Be7 9. Ned5 0-0 10. 0-0 Nd4 11. f3 Rc8 12. Qd3 Nxc2 13. Nxe7+ Qxe7 14. Bxe6 Rxc3 15. bxc3 Nxa1 16. Bd5 Nxd5 17. exd5 Qc7 18. Be3 Rc8 19. Rxa1 Qxc3 20. Qxc3 Rxc3 21. Rc1 Rxc1+ 22. Bxc1 Kf8 23. Kf2 Ke7 24. Ke3 g6 25. Kd3 h5 26. Be3 a6 27. Kc4 f5 28. Bg5+ Kd7 29. Kb4 b6 30. a4 Kc7 31. Kc4 Kd7 32. Be3 Kc7 33. h3 Kb7 34. Bg5 Kc7 35. Kd3 Kd7 36. g4 Kc7 37. gxh5 gxh5 38. Ke3 Kd7 39. Kf2 f4 40. Ke2 Ke8 41. Kd3 Kd7 42. Ke4 Ke8 43. Kf5 Kd7 44. Bh4 b5 45. axb5 axb5 46. Be1 Kc7 47. Ke6 e4 48. fxe4 f3 49. e5 dxe5 50. d6+ 1-0

[Event "Regionalliga SO 0405"]
[Site "Bayern"]
[Date "2004.11.14"]
[Round "2.8"]
[White "Billenkamp, Thomas"]
[Black "Eichinger, Guenther"]
[Result "1-0"]
[WhiteElo "1993"]
[BlackElo "1912"]
[PlyCount "105"]
[EventDate "2004.10.24"]
[EventType "team-tourn"]
[EventRounds "9"]
[EventCountry "GER"]
[SourceTitle "EXT 2007"]
[Source "ChessBase"]
[SourceDate "2006.11.23"]
[SourceVersion "1"]
[SourceVersionDate "2006.11.23"]
[SourceQuality "1"]
[WhiteTeam "Tegernsee II"]
[BlackTeam "Ilmmuenster"]
[WhiteTeamCountry "GER"]
[BlackTeamCountry "GER"]

1. Nf3 Nf6 2. c4 e6 3. Nc3 c5 4. g3 d5 5. cxd5 exd5 6. d4 Nc6 7. Bg2 Qb6 8. Na4 Qb4+ 9. Bd2 Qb5 10. dxc5 Bxc5 11. Nxc5 Qxc5 12. 0-0 0-0 13. Bc3 Ne4 14. Rc1 Qd6 15. Nd4 Nxc3 16. Rxc3 Bg4 17. Nxc6 bxc6 18. Qc2 Rac8 19. Rc1 Bd7 20. Rc5 Rfe8 21. e3 Rb8 22. Rd1 Qe5 23. b3 f5 24. Bxd5+ cxd5 25. Rcxd5 Rbc8 26. Qxc8 Bxc8 27. Rxe5 Rxe5 28. Rd8+ Kf7 29. Rxc8 Re7 30. Kf1 g5 31. Rc4 Ke6 32. Ke2 Rd7 33. b4 Rb7 34. a4 Rb6 35. Kd3 a6 36. h4 h6 37. hxg5 hxg5 38. Kc3 Ke5 39. Rc5+ Ke4 40. b5 axb5 41. axb5 g4 42. Kb4 Rd6 43. Rc4+ Ke5 44. Rc2 Ke4 45. Kc5 Rd8 46. Kb6 Kd3 47. Rc5 Rf8 48. Ka6 Ke2 49. Rc2+ Kd3 50. Rb2 Kc3 51. Rb1 Kc2 52. Rb4 Kc3 53. Rf4 1-0

[Event "Regionalliga SO 0304"]
[Site "Bayern"]
[Date "2003.12.14"]
[Round "4.8"]
[White "Mayr, Florian"]
[Black "Eichinger, Guenther"]
[Result "1/2-1/2"]
[WhiteElo "2046"]
[BlackElo "1858"]
[PlyCount "111"]
[EventDate "2003.10.??"]
[EventType "team"]
[EventRounds "9"]
[EventCountry "GER"]
[SourceTitle "EXT 2006"]
[Source "ChessBase"]
[SourceDate "2005.11.24"]
[SourceVersion "1"]
[SourceVersionDate "2005.11.24"]
[SourceQuality "1"]
[WhiteTeam "Starnberg"]
[BlackTeam "Ilmmuenster"]
[WhiteTeamCountry "GER"]
[BlackTeamCountry "GER"]

1. e4 e5 2. Nf3 Nc6 3. Bc4 Bc5 4. c3 Nf6 5. d4 exd4 6. cxd4 Bb4+ 7. Nc3 Nxe4 8. 0-0 Bxc3 9. bxc3 d5 10. Bd3 0-0 11. Bxe4 dxe4 12. Ng5 Qd5 13. f3 exf3 14. Nxf3 Bg4 15. Bf4 Rac8 16. Qe1 f6 17. Qg3 Bxf3 18. Rxf3 Rf7 19. a3 Nxd4 20. Rf2 Nf5 21. Qg4 Re8 22. Raf1 Ne3 23. Bxe3 Rxe3 24. Qc8+ Rf8 25. Qxc7 Rfe8 26. h3 h6 27. Rf4 R3e4 28. R4f3 R4e7 29. Qg3 Kh8 30. Rd3 Qc5+ 31. Kh1 Qxa3 32. Rfd1 Qc5 33. Rd8 Qc6 34. Kh2 Rxd8 35. Rxd8+ Re8 36. Qb8 Rxd8 37. Qxd8+ Kh7 38. Qd3+ Kg8 39. Qd4 Qc7+ 40. Kh1 b6 41. Qd5+ Qf7 42. Qd8+ Kh7 43. Qd3+ f5 44. Qf3 Qe6 45. c4 a5 46. Qb3 Qe1+ 47. Kh2 Qb4 48. Qd3 Qc5 49. Qb3 g6 50. h4 g5 51. h5 g4 52. Kh1 Qc6 53. c5 Qe8 54. cxb6 Qe1+ 55. Kh2 Qh4+ 56. Kg1 1/2-1/2